000 00548nam a2200205Ia 4500
003 GCL
008 140319s9999 xx 000 0 ara d
040 _aGCL /
_cGCL
082 0 4 _aق
_b810.9
_bم س
100 1 _aمدحت الجيار
245 1 0 _aالسرد النوبى المعاصر /
_cمدحت الجيار
300 _a181 ص
490 _a
650 0 4 _aالاسلوب الادبى
650 0 4 _aتاريخ
650 0 4 _aالنوبة
650 0 4 _aالادب النوبى
650 0 4 _aخريطة النوبة
942 _2ddc
_cBK
999 _c39375
_d39375